[Event "EU-Cup 15th final"]
[Site "Bugojno"]
[Date "1999.10.29"]
[Round "1"]
[White "Ivanov, Sergey"]
[Black "Greenfeld, Alon"]
[Result "0-1"]
[WhiteElo "2538"]
[BlackElo "2538"]
[Annotator "Krasenkow,M"]
[PlyCount "72"]
[EventDate "1999.10.29"]
[EventType "team-k.o."]
[EventRounds "3"]
[EventCountry "BIH"]
[SourceTitle "EXT 2020"]
[Source "ChessBase"]
[SourceDate "2019.10.17"]
[SourceVersion "1"]
[SourceVersionDate "2019.10.17"]
[SourceQuality "1"]
[WhiteTeam "St Petersburg"]
[BlackTeam "Beer-Sheva Chess Club"]
[WhiteTeamCountry "RUS"]
[BlackTeamCountry "ISR"]

1. d4 Nf6 2. c4 g6 3. Nc3 d5 4. cxd5 Nxd5 5. e4 Nxc3 6. bxc3 Bg7 7. Nf3 c5 8.
Rb1 O-O 9. Be2 Nc6 10. d5 Ne5 11. Nxe5 Bxe5 12. Rb3 {This line (discussed in
CBM72) is gradually gaining popularity. The crucial thing is whether this rook
will be able to take active part in the game. In my opinion, White can't do
now without c3-c4.} Qc7 {With the text move Black takes the f4 square under
control, prevents White's castling and prepares ...c5-c4 at the same time.} (
12... e6 13. f4 Bg7 14. c4 Re8 15. e5 f6 16. f5 $1 gxf5 17. Bh5 Re7 18. d6 Rd7
19. Rg3 fxe5 20. Bb2 Kh8 21. O-O Rxd6 22. Qe2 Rd4 23. Rxg7 $1 Kxg7 24. Qxe5+
Kg8 25. Rf4 Qg5 26. Rxd4 cxd4 27. Qxd4 Kf8 28. Qh8+ Ke7 29. Ba3+ Kd7 30. Qd4+ {
1-0 - CBM72}) 13. Qd2 {White fights for the dark squares but allows ...c5-c4} (
13. c4 $5 Bd7 (13... e6 $5) (13... f5 $5) 14. Qd2 Rab8 15. f4 Bd4 16. e5 a6 17.
Bb2 Bxb2 18. Qxb2 b5 19. O-O Rb6 20. Bd3 Rfb8 21. Rb1 {+/-} f6 22. d6 exd6 23.
exf6 d5 24. f5 d4 25. fxg6 Rxf6 26. cxb5 axb5 27. Bxb5 Bxb5 28. Rxb5 Rbf8 29.
Rb7 Qf4 30. Qb3+ R8f7 31. Rxf7 {1-0 Mah,K-Van der Meijden,M/NED U20 op 1999})
13... e6 {Black immediately creates counterplay in the centre to make use of
White's delay of development.} (13... Bd7 {is less useful:} 14. f4 c4 15. Rb4
Bg7 16. Rxc4 Qa5 17. O-O Bb5 18. Rb4 Bxe2 19. Qxe2 b6 20. Rb3 Rac8 $6 (20...
Bxc3 21. Ba3 Rfe8 (21... Bd4+ 22. Kh1 Bc5 23. Bb2 $1) 22. Rd1 {+/-}) 21. Ba3
Rfe8 22. c4 Qa4 23. Rc1 Rc7 24. Qd3 Rec8 25. Rb4 Qd7 26. h3 Bh6 27. Rf1 Bf8 28.
Bb2 {Popov,V-Okrugin,S/ ch-RUS KO 1999/1-0 (38)}) 14. f4 c4 $1 {Black
sacrifices this pawn to lure the white rook to an awkward position and delay
the white king in the centre.} 15. Rb4 Bd6 16. Rxc4 Qb6 17. dxe6 $2 (17. Qd4
exd5 18. exd5 Re8 {~=}) (17. e5 $1 {was crucial:} Bc5 (17... exd5 18. Rxc8 $1)
18. d6 Bd7 (18... f6 19. d7 (19. Bf3 Bd7 20. a4 Rac8) 19... Bxd7 (19... Rd8 20.
dxc8=Q Raxc8 21. Bd3) 20. Rxc5 (20. Qxd7 $2 Rad8 21. Qa4 Qb1 {-+}) 20... Qxc5
21. Qxd7 {~}) 19. a4 Bc6 (19... Rac8 $5) 20. Bf3 Bxf3 21. gxf3 f6 {Of course,
Black has a good compensation for the pawn but the position is still unclear
as the white pawn wedge should not be underestimated.}) 17... Bxe6 18. Rd4 {
An interesting idea: White wants to sacrifice this rook for Black's important
dark-squared bishop but complete his development and then attack the weakened
black king. However, Black finds a nice refutation.} Rad8 $1 {Again preventing
White's castling, this time by tactical means.} (18... Bc5 19. O-O) 19. f5 $6 {
Probably overlooking Black's following move.} (19. Bb2 $2 Bxf4) (19. O-O Bb4 $1
{the point of Black's idea; however,} 20. Qe3 Bxc3 (20... Bc5 21. Rfd1) 21.
Rxd8 Rxd8 22. Qxb6 axb6 23. Be3 {gives White fair chances to reach a draw.})
19... Bc5 $1 ({but not} 19... Bc8 $6 20. Bb2 Rfe8 (20... Be5 21. O-O) 21. O-O
Rxe4 22. fxg6 hxg6 23. Kh1 {+= as the black king is weakened.}) 20. Rxd8 (20.
fxe6 Rxd4 {-+}) 20... Rxd8 21. Qb2 {Not to be mated, White now leads to an
endgame, which, however, is equally poor.} Bf2+ (21... Qxb2 $5 22. Bxb2 Bxa2)
22. Kf1 gxf5 23. Qxb6 Bxb6 24. Bg5 Rc8 (24... Rd7 $5) 25. exf5 Bxf5 26. Bd2 Be6
{With two weak pawns and his rook out of play, White has no chances to survive.
} 27. a4 Rc5 28. h4 Ra5 29. h5 (29. Bb5 a6) (29. Bd1 $2 Bc4+) 29... Rxa4 30. h6
Ra1+ 31. Be1 Ba5 32. Kf2 Bxc3 33. Bf3 b5 34. g4 Bxe1+ 35. Rxe1 Rxe1 36. Kxe1 a5
0-1

[Event "EU-Cup 15th final"]
[Site "Bugojno"]
[Date "1999.10.29"]
[Round "1"]
[White "Solozhenkin, Evgeniy"]
[Black "Tseitlin, Mark D"]
[Result "1/2-1/2"]
[WhiteElo "2544"]
[BlackElo "2496"]
[Annotator "Krasenkow,M"]
[PlyCount "178"]
[EventDate "1999.10.29"]
[EventType "team-k.o."]
[EventRounds "3"]
[EventCountry "BIH"]
[SourceTitle "EXT 2020"]
[Source "ChessBase"]
[SourceDate "2019.10.17"]
[SourceVersion "1"]
[SourceVersionDate "2019.10.17"]
[SourceQuality "1"]
[WhiteTeam "St Petersburg"]
[BlackTeam "Beer-Sheva Chess Club"]
[WhiteTeamCountry "RUS"]
[BlackTeamCountry "ISR"]

1. d4 Nf6 2. c4 g6 3. Nc3 d5 4. cxd5 Nxd5 5. e4 Nxc3 6. bxc3 Bg7 7. Nf3 c5 8.
Rb1 O-O 9. Be2 cxd4 10. cxd4 Qa5+ 11. Bd2 Qxa2 12. O-O Bg4 13. Bg5 h6 14. Bh4
a5 15. Rxb7 g5 16. Bg3 a4 17. Rc7 {Therefore White immedately prevents 17...
Nc6 at the same time preparing Be2-c4. However, Black has sufficient
counterplay.} (17. h4 {went out of use because of} Nc6 $1 18. hxg5 hxg5 19. d5
Bxf3 20. Bxf3 Nd4 21. d6 e5 22. d7 Qe6 23. Bg4 Qc6 {0-1 Shipov,S-Sokolov,I/
Hastings Premier 1999 (41) with excellent play for Black - CBM69}) 17... Qb2 (
17... Qb3 18. Qxb3 axb3 19. Rb1 b2 20. Rxb2 Ra1+ 21. Bf1 Bxf3 22. gxf3 Bxd4 {
doesn't yield Black equality because of the poor position of his b8 knight:}
23. Rb5 Ra2 24. Bc4 Rb2 25. Rf5 Rb4 26. Kg2 Bb6 27. Bxf7+ $1 Rxf7 28. Rc8+ Kg7
29. Be5+ Rf6 30. Rxb8 Kg6 31. Bc3 Rb3 32. Bxf6 {Sherbakov,R-Vokarev,S/Novgorod
op 1999/1-0 (46)}) (17... a3 $5 18. Bc4 Qb2 {looks a bit premature (the b8
knight is out of play) but still needs investigation.}) 18. Bc4 Nd7 {It is
important to bring this knight into the game.} (18... Bxf3 19. Qxf3 Qxd4 20.
Rd1 {~=}) 19. Bd5 Rad8 {A very solid move. Black gives up his a4 pawn but
recaptures it on d4, after which a draw is not far away.} (19... Rac8 $5 {
was possible, too:} 20. Qxa4 (20. Rb7 Qa3) 20... Nb6 21. Qb3 Qxb3 22. Bxb3 Bxf3
23. gxf3 Rxc7 24. Bxc7 Bxd4 {=}) 20. Qxa4 (20. Rb7 Bxf3 21. Rxb2 Bxd1 22. Rxd1
e6 23. Bc6 Nc5 $132) 20... Bxf3 21. gxf3 (21. Rxd7 $6 Rxd7 22. Qxd7 Be2 23. Re1
e6 24. Bb7 Bxd4 {and White is in trouble}) 21... Qxd4 22. Qxd4 Bxd4 23. Rd1 e5
{= Black's only weakness, the f7 pawn, is easy to defend.} 24. Kg2 Nf6 25. Bb3
Rb8 $6 {A blunder in a drawn position, which complicates Black's task.} (25...
Rd7 $6 26. Bxe5 Bxe5 27. Rcxd7 Nxd7 28. Rxd7 Kg7 {+=}) (25... Rd6 26. Rxd4 Rxd4
27. Bxe5 {~=}) (25... Nh5 {was probably the simplest way to a draw.}) 26. Bxf7+
Rxf7 27. Rxf7 Kxf7 28. Rxd4 {However, with double pawns and a poor bishop,
White fails to pose Black any problems.} Re8 29. Ra4 Nh5 30. Ra7+ Kf6 31. Kh3
Re6 32. Kg4 Kg6 33. h4 Nf6+ 34. Kh3 Nh5 35. Kg4 Nf6+ 36. Kh3 Nh5 37. Ra8 Nf6
38. Ra5 Nd7 39. Rd5 Re7 40. Rd6+ Nf6 41. Ra6 Re8 42. h5+ Kf7 43. Ra5 Nd7 44.
Kg4 Re6 45. Ra8 Rf6 46. Rd8 Ke7 47. Rh8 Kf7 48. Rh7+ Ke6 49. Kh3 Nf8 50. Ra7
Nd7 51. Kg2 Kd6 52. Kf1 Re6 53. Ra6+ Ke7 54. Ra5 Kf6 55. Ra7 Rd6 56. Ra8 Re6
57. Ke2 Rd6 58. Rh8 Kf7 59. Kf1 Rf6 60. Kg2 Ke7 61. Kh3 Kf7 62. Kg4 Ke7 63.
Rh7+ Ke6 64. Rxd7 Kxd7 65. Bxe5 Rf7 66. Bg3 Ke6 67. f4 gxf4 68. Bxf4 Rg7+ 69.
Kf3 Rf7 70. Ke3 Ra7 71. Bxh6 Rh7 72. Bf8 Rxh5 73. f4 Rh3+ 74. Kd4 Rf3 75. Bh6
Rf1 76. Ke3 Re1+ 77. Kf3 Rf1+ 78. Ke2 Rh1 79. Bg7 Rh3 80. Bd4 Rh5 81. Kf3 Rb5
82. Bh8 Rh5 83. Bg7 Rb5 84. Kg4 Rb4 85. e5 Kf7 86. Bf6 Kg6 87. Bg5 Re4 88. Be7
Rc4 89. Bf8 Re4 1/2-1/2

[Event "Hotel Agro GM"]
[Site "Budapest"]
[Date "1999.08.03"]
[Round "5"]
[White "Ovsejevitsch, Sergei"]
[Black "Ruck, Robert"]
[Result "1/2-1/2"]
[WhiteElo "2515"]
[BlackElo "2485"]
[Annotator "Krasenkow,M"]
[PlyCount "52"]
[EventDate "1999.08.05"]
[EventType "tourn"]
[EventRounds "9"]
[EventCountry "HUN"]
[EventCategory "10"]
[SourceTitle "CBM 073"]
[Source "ChessBase"]
[SourceDate "1999.12.01"]
[SourceVersion "1"]
[SourceVersionDate "1999.12.01"]
[SourceQuality "1"]

1. d4 Nf6 2. c4 g6 3. Nc3 d5 4. cxd5 Nxd5 5. e4 Nxc3 6. bxc3 Bg7 7. Be3 c5 8.
Qd2 Qa5 9. Rb1 b6 10. Bb5+ Bd7 11. Be2 {*} Bc6 12. Bd3 Nd7 13. Rc1 {A
relatively new attempt.} (13. Ne2 Rd8 $1) (13. h4 {-CBM69}) 13... e6 (13... Rd8
14. d5 Ne5 15. Be2 {[%cal Yc3c4]}) 14. Ne2 ({After} 14. Nf3 $6 {White has
serious problems with his e4 pawn:} Nf6 $5 (14... O-O 15. Bh6 Nf6 16. Bxg7 Kxg7
17. e5 Ng8 18. Ke2 Rad8 19. Rhd1 Rd7 20. Ng5 Rfd8 21. Ke1 h6 22. Ne4 Bxe4 23.
Bxe4 cxd4 24. cxd4 Rxd4 {0-1 Van Laatum,G-Ledger,A/Challengers 1999}) 15. Ne5
$5 Bb5 $1 (15... Bxe4 $2 16. Nc4) 16. c4 Qxd2+ 17. Kxd2 (17. Bxd2 Ba6) 17...
cxd4 18. cxb5 dxe3+ 19. Kxe3 Nh5 20. f4 Nxf4 21. Kxf4 g5+ 22. Kxg5 Bxe5 23. Kg4
Ke7 (23... Rd8 $1 $17) 24. Kf3 Rad8 25. Ke3 $15 {Sherbakov,R-Vorobiov,E/
Russian Club Cup 1998/1/2-1/2 (44)}) 14... Rc8 (14... Rd8 $5) 15. Bh6 $5 {
White goes for material sacrifices to prevent Black's castling.} (15. O-O $5
O-O (15... cxd4 16. cxd4 Qxd2 17. Bxd2) 16. Rfd1) 15... Bxh6 16. Qxh6 cxd4 17.
O-O $2 {But this is too hazardous.} (17. Nxd4 Nc5 18. Bb1 Bxe4 19. O-O $44)
17... Ne5 18. Qg7 Ke7 $2 {A nervous move. Black wants to immediately get rid
of the White queen (19...Rcg8), and his advantage slips away.} (18... Rf8 19.
Bb1 d3 20. Ng3 (20. Nf4 Bxe4 21. Rce1 Qxc3 $19) 20... Ba4 $19) 19. Nxd4 $1 Nxd3
(19... Bd7 20. Bb1 $13) 20. Nxc6+ (20. Qxh8 Rxh8 21. Nxc6+ Kd6 $1 22. Nxa5 Nxc1
23. Rxc1 (23. Rd1+ Kc7 24. Rxc1 bxa5 $15) 23... bxa5 24. Rb1 Rc8 $15 {Black
has an "extra king" in this engame.}) 20... Rxc6 21. Qxh8 Nxc1 22. Rxc1 Qxa2
23. e5 $1 {This guarantees a perpetual.} Qd2 24. Ra1 Qxc3 25. Qf6+ Ke8 26. Qh8+
Ke7 1/2-1/2

[Event "Norway Chess 1st"]
[Site "Stavanger"]
[Date "2013.05.14"]
[Round "6"]
[White "Aronian, Levon"]
[Black "Hammer, Jon Ludvig"]
[Result "1-0"]
[WhiteElo "2813"]
[BlackElo "2608"]
[Annotator "Krasenkow,M"]
[PlyCount "47"]
[EventDate "2013.05.08"]
[EventType "tourn"]
[EventRounds "9"]
[EventCountry "NOR"]
[EventCategory "21"]
[SourceTitle "CBM 155"]
[Source "ChessBase"]
[SourceDate "2013.07.16"]
[SourceVersion "1"]
[SourceVersionDate "2013.07.16"]
[SourceQuality "1"]

1. d4 Nf6 2. c4 g6 3. Nc3 d5 4. Nf3 Bg7 5. cxd5 Nxd5 6. e4 Nxc3 7. bxc3 c5 8.
Rb1 O-O 9. Be2 cxd4 10. cxd4 Qa5+ 11. Bd2 Qxa2 12. O-O Bg4 13. Rxb7 Nc6 $2 {
Jon Hammer obviously mixed something up.} (13... Bxf3 14. Bxf3 Bxd4 {is a must
here.}) 14. d5 Bxf3 15. Bxf3 Nd4 16. Rxe7 {The simplest.} (16. Bg5 e6 $5 (16...
Nxf3+ 17. Qxf3 f6 18. Be3 Rfe8 19. Bc5 Bf8 20. Qh3 Qa6 21. Qb3 $18 {1-0 (32)
L'Ami,E (2519)-Bezemer,A (2364) Amsterdam 2005})) (16. Be3 $5 Nxf3+ (16... e5
17. Qd3 $5) 17. Qxf3 a5 18. Bc5 (18. Rxe7 $143 {- below}) 18... Rab8 {1/2 (34)
Filip,L (2295)-Lupulescu,C (2348) Tusnad 2001} 19. Rxb8 Rxb8 20. Bxe7 {[%cal
Yd5d6]}) 16... a5 (16... Nxf3+ 17. gxf3 a5 18. d6 $1 (18. Rb7 $143 a4 19. Bb4
Rfb8 20. Rxb8+ Rxb8 21. Bd6 Re8 22. Qc1 Qb3 23. Kg2 Qb5 24. Qc2 Qd7 25. Qc6
Qxc6 26. dxc6 {1-0 (78) Gajewski,G (2515)-Schmidt,W (2435) Warsaw 2006} Be5 $1
$14)) 17. d6 (17. Be3 Nxf3+ 18. Qxf3 a4 19. d6 a3 20. e5 Qc4 {is less
convincing}) 17... a4 18. e5 {[%csl Gd6,Ge5]} Nxf3+ 19. gxf3 Qb2 (19... a3 20.
Bc3 $1 {(stopping Black's passed pawn)} Qc4 21. Qd4 Qc6 {was probably more
stubborn than the game continuation.}) 20. Be3 $1 a3 (20... Bxe5 21. Qd5 $1 {
[%cal Re7f7,Rd5e5]}) (20... Qb5 21. Qb1 $5) 21. Qd5 {[%csl Gd5][%cal Re7f7]}
Rae8 $2 {This loses at once.} (21... Rab8 $142 22. f4 Rb5 (22... a2 23. Ra7)
23. Qc4 Rb4 24. Qa6 $16) 22. Rxe8 Rxe8 23. d7 Rd8 24. Bg5 1-0

[Event "Dortmund SuperGM 27th"]
[Site "Dortmund"]
[Date "1999.07.17"]
[Round "7"]
[White "Sokolov, Ivan"]
[Black "Leko, Peter"]
[Result "1/2-1/2"]
[WhiteElo "2656"]
[BlackElo "2701"]
[Annotator "Krasenkow,M"]
[PlyCount "42"]
[EventDate "1999.07.10"]
[EventType "tourn"]
[EventRounds "7"]
[EventCountry "GER"]
[EventCategory "19"]
[SourceTitle "CBM 072"]
[Source "ChessBase"]
[SourceDate "1999.10.01"]
[SourceVersion "1"]
[SourceVersionDate "1999.10.01"]
[SourceQuality "1"]

1. d4 Nf6 2. c4 g6 3. Nc3 d5 4. cxd5 Nxd5 5. Bd2 Nb6 $5 {In my opinion, this
is the simplest and the most solid reply to 5.Bd2. 6.e4 is not possible
anymore.} 6. Bg5 Bg7 7. e3 O-O 8. Nf3 c5 $5 {Of course, if this does work,
Black needn't invent anything else like} (8... Nc6 {or}) (8... Bg4) 9. dxc5
N6d7 10. Be2 {Quite a harmless continuation.} (10. Rc1 {is crucial:} Nc6 (10...
Nxc5 11. Nd5 $1 $16) 11. Nd4 (11. Bb5 $5 {Shipov}) 11... h6 12. Bh4 g5 13. Bg3
Nxc5 14. Nxc6 bxc6 15. Qc2 $1 Qa5 (15... Ba6 $5) 16. Be2 {[%cal Yh2h4] 1/2-1/2
Shipov,S-Svidler,P/St.Petersburg op 1993} Na4 17. h4 Bf5 18. e4 Be6 19. hxg5
Nxc3 20. bxc3 hxg5 $11 {Shipov} 21. e5 $140 Rfd8) 10... Nc6 11. Nd4 h6 (11...
Qa5 $13 {Svidler}) 12. Bh4 g5 13. Nxc6 bxc6 14. Bg3 Nxc5 15. Qc2 Ba6 {Black
immediately creates counterplay (making use of the d3 square), therefore
upsetting White's kingside plans (h2-h4 etc.).} 16. Bxa6 (16. h4 Bd3 $1) 16...
Nxa6 {[%cal Ra6b4]} 17. O-O (17. Rd1 Nb4 18. Qe4 Qa5 $132) 17... Nb4 18. Qe4
Nd5 {[%csl Gd5]} 19. Na4 {A bit risky as this knight will not manage to come
to c5.} (19. Rad1 Bxc3 20. bxc3 Nxc3) (19. Rac1 $11) 19... Qc8 $1 {[%cal Rf7f5,
Rf5f4]} 20. Qc2 (20. Qc4 {was more accurate:} Nb6 21. Qb3 $1 (21. Nxb6 axb6 $15
{[%csl Rg3,Gg7]}) 21... Nxa4 22. Qxa4 Bxb2 23. Rab1 Bg7 24. Rfc1 $11) 20... f5
21. e4 f4 $1 (21... f4 22. exd5 cxd5 {[%csl Ra4]} 23. Qd3 fxg3 24. hxg3 Qc6 25.
Nc3 Rad8 26. Rad1 e6 27. Rfe1 $15 {The black bishop is stronger than the white
knight. However, Peter was (not unusually) peaceful in this game.}) 1/2-1/2

[Event "Rubinstein Memorial 36th"]
[Site "Polanica Zdroj"]
[Date "1999.08.17"]
[Round "1"]
[White "Khenkin, Igor"]
[Black "Sutovsky, Emil"]
[Result "1-0"]
[WhiteElo "2633"]
[BlackElo "2587"]
[Annotator "Krasenkow,M"]
[PlyCount "95"]
[EventDate "1999.08.17"]
[EventType "tourn"]
[EventRounds "9"]
[EventCountry "POL"]
[EventCategory "15"]
[SourceTitle "CBM 073"]
[Source "ChessBase"]
[SourceDate "1999.12.01"]
[SourceVersion "1"]
[SourceVersionDate "1999.12.01"]
[SourceQuality "1"]

1. d4 Nf6 2. c4 g6 3. Nc3 d5 4. cxd5 Nxd5 5. e4 Nxc3 6. bxc3 Bg7 7. Nf3 c5 8.
Be3 Qa5 9. Qd2 Nc6 10. Rb1 {The idea of this move (compared to} (10. Rc1) {
) is to provoke ...a7-a6, after which the weakness of the b6 square is
essential in some variations. However, Black can ignore the 11.Rb5 threat.}
10... O-O {Connected with a controversial queen sacrifice.} (10... a6 {is
quite playable}) ({but if Black doesn't want to follow White's plans, he can
choose} 10... b6) 11. Rb5 cxd4 (11... Qa3 12. Rb3 Qa5 13. d5 Rd8 14. Qc2 Nd4
15. Bxd4 cxd4 16. Rb5 Qxc3+ 17. Qxc3 dxc3 {0-1 Ostermeier,R-Hess,H/Waldshut
HT1 1991 (22) but why didn't White just capture on c5?}) 12. Rxa5 dxe3 13. Qxe3
Nxa5 {Black's compensation for White's material advantage is: a pair of
bishops and weakness of the white c3 pawn. If Black manages to swap his knight
for the white bishop without any concessions, his bishops will be especially
strong and he may even get an advantage.} 14. h4 {A new plan. White is trying
to create his own play on the kingside. Until now White has tried to restrict
Black's active possibilities in the centre.} (14. Nd4 Bd7 (14... b6 15. Be2 Bb7
16. O-O Rfc8 17. f4 Rc5 18. e5 Rac8 19. Rc1 Nc4 20. Qh3 e6 21. Nxe6 fxe6 22.
Qxe6+ Kh8 23. Rd1 {1-0 Razuvaev,Y-Dvoirys,S/USSR 1983 (32)}) 15. e5 (15. Be2
Rfc8 16. O-O Rc7 $1 (16... e5 $6 {[%csl Rd5]} 17. Nc2 Be6 18. Nb4 Nc4 19. Bxc4
Bxc4 20. Rd1 $16 {1/2-1/2 Vaganian,R-Cseshkovsky,V/Erevan (zt) 1982 (45)}) (
16... Nc4 17. Qg5 Bf6 18. Qd5 Nb6 19. Qa5 e6 20. e5 Be7 {1/2-1/2 Dautov,
R-Smejkal,J/CC Ordix, Frankfurt GER 1997 (30)}) 17. e5 $6 (17. f3 Rac8 18. Rc1
Nc4 $15 {Adorjan, Gy.Feher}) 17... e6 18. Bb5 Nc4 19. Bxc4 Rxc4 20. Rd1 Rac8
21. Ne2 Bc6 $17 {Ikonnikov,V-Adorjan,A/Uebach (rapid) 1996}) 15... Rfc8 16. f4
Rc7 $5 (16... e6 17. Be2 Rc7 18. O-O Rac8 19. Qd2 Bf8 20. Rf3 $6 (20. Nb3 $14 {
Alterman,B}) 20... Nc4 21. Bxc4 Rxc4 $11 {Dautov,R-Alterman,B/Bad Homburg 1997/
1/2-1/2 (40)}) 17. Nb5 Bxb5 18. Bxb5 e6 19. Ke2 Bf8 20. Rd1 b6 21. Ba6 Nb7 $11
{Alterman,B}) 14... Bg4 $6 {Underestimating White's plan but after} (14... h5
$5) {the weakening of the g5 square may be essential.} 15. Nd4 Rac8 16. h5 $1
Rfd8 (16... Bxh5 17. f3 {[%csl Rh5]}) 17. f3 Bd7 18. hxg6 hxg6 19. e5 Rc5 20.
f4 {Now Black can't activate his g7 bishop as it must protect his king.} Rdc8
21. Kd2 Rc4 {unnecessary provoking Kc2-b2, which is rather favourable for
White.} (21... Nc4+) 22. Kc2 Ra4 23. Kb2 Nc4+ 24. Bxc4 Raxc4 25. Rd1 {The rook
has left the h-file but Black should not be deluded - at any moment it can
come back!} Ba4 (25... e6 26. Nf5 $1) 26. Nb3 Bc6 27. g3 e6 28. Rd4 $1 {
Black has lacked just one tempo - with his bishop already on d5 he could play
28...R4c7 with sufficient counterplay. With one rook his prospects are not so
glowing. Besides, Black starts a series of weak moves.} Rxd4 29. Nxd4 Bd5 $6 {
Why allow the knight to d6?} (29... Bd7 $14) 30. Nb5 Bf8 $2 {Black goes for a
forced line but wrongly assesses the position arising.} (30... a6 31. Nd6 $16)
31. Nd6 Rc6 32. Qxa7 Ra6 33. Qb8 Rxa2+ 34. Kb1 Rh2 35. Qc7 Rh7 {Black's pieces
are now completely passive and the activation of the white king decides.} 36.
c4 Bf3 37. Kb2 Rh2+ 38. Kc3 Rh7 39. Kd4 Bg2 40. Qc8 Rh1 41. Qd7 Rd1+ (41... Rh7
42. Nxb7 $18) 42. Kc5 Bxd6+ 43. exd6 Bc6 44. Qe7 Kg7 45. g4 Rd3 46. g5 Kg8 47.
Qd8+ Kg7 48. Kb6 {/\Kc7,c5,d7+-} 1-0